000 00827nam a2200229Ia 4500
003 GCL
008 140319s9999 xx 000 0 ara d
040 _aGCL /
_cGCL
082 0 4 _a327.14
_bش د
100 1 _aشاهيناز طلعت
245 1 0 _aالدعاية والاتصال: دراسة نظرية تطبيقية على الوثائق السرية البريطانية عن ثورة مصر سنة 1919 /
_cشاهيناز طلعت
260 _a[S.N] :
_bمكتبة الانجلوالمصرية ،
_c1987
300 _a429 ص
490 _a
650 0 4 _aالسياسة الدولية
650 0 4 _aالحرب النفسية
650 0 4 _aالدعاية
650 0 4 _aالاعلام الدولى
650 0 4 _aالراى العام العالمى
650 0 4 _aالدعاية الدولية
942 _2ddc
_cBK
999 _c33092
_d33092